000 00377 a2200169 4500
000 nam a22 7a 4500
001 1942
005 20260412170642.0
020 _a9780393697010
100 _aEric Foner
110 _aEric Foner
245 _aGive Me liberty
250 _a6th
260 _bW.W Norton & Company
_c2020
264 _bW.W Norton & Company
_c2020
942 _cBK
999 _c1942
_d1942